000 01127cam a22002054a 4500
005 20250605164121.0
008 250528s ||||||||||||||||||||||||d
035 _a18277
020 _a805835040
040 _aGR-AtMCL
_bgre
_dGR-AtMCL
_eAACR2
245 1 _aDying, Death, and Bereavement / Fourth Edition
250 _a4th
260 _bLawrence Erlbaum Associates, Publishers,
_c2001
300 _a398
520 _aA brief but comprehensive survey of research, writings, and professional practices concerned with death and dying. Preface, Introduction, Mortality and Thanatology, Causes and Circumstances of Death, Aging and Disease and Starvation, Accidental Death and Suicide, Homicide and War, Cultural Beliefs and Religion, Funeral Rituals and Religion, The Arts and Philosophy, Legal Practices and Issues, Human Development and Death, Children and Death, Death Attitudes and Fears and Beliefs of Adults, Dying and Surviving, The Process of Dying, Bereavement and Widowhood, Glossary, References, Author and Subject Index.
700 1 _aAiken Lewis R.
_94555
942 _cBK
999 _c3645
_d3645